00478nam a22001217a 4500008004100000040001800041041000800059100003000067245016900097260004500266300001800311500002700329130821s1939 fr gr fre  aCo-BoUCMbspa00afre aHuxley, Aldousd1894-196303aLafin et les moyensbEnqute sur nature des idéals et sur le méthodes employées pour leur réalisationcAldous Huxley ; traduit de L'anglais par Jules Castier aParís (Francia)bPlon et Nourritc1939 a395 páginas aNotas al pie del texto